Normal view
MARC view
- Anatomy
Entry Topical Term
001 - CONTROL NUMBER
- control field: 87670
003 - CONTROL NUMBER IDENTIFIER
- control field: NUST
005 - DATE AND TIME OF LATEST TRANSACTION
- control field: 20220110151423.0
008 - FIXED-LENGTH DATA ELEMENTS
- fixed length control field: 220110|| aca||aabn | a|a d
040 ## - CATALOGING SOURCE
- Original cataloging agency: NUST
- Transcribing agency: NUST
150 ## - HEADING--TOPICAL TERM
- Topical term or geographic name entry element: Anatomy
670 ## - SOURCE DATA FOUND
- Source citation: Work cat.: (NUST)33020: Snell, Richard S. 87668, Clinical anatomy by regions /, c2008.
